Eastern Utah Libraries Catalog: Duchesne, Heber, Roosevelt, & Vernal

You matter / (Record no. 357725)

MARC details
000 -LEADER
fixed length control field 01437pam a2200373 i 4500
001 - CONTROL NUMBER
control field zcodcb b6746910
003 - CONTROL NUMBER IDENTIFIER
control field DLC
005 - DATE AND TIME OF LATEST TRANSACTION
control field 20210119134850.0
007 - PHYSICAL DESCRIPTION FIXED FIELD--GENERAL INFORMATION
fixed length control field t|
008 - FIXED-LENGTH DATA ELEMENTS--GENERAL INFORMATION
fixed length control field 190927s2020 nyua a 000 1 eng
010 ## - LIBRARY OF CONGRESS CONTROL NUMBER
LC control number 2019043812
020 ## - INTERNATIONAL STANDARD BOOK NUMBER
International Standard Book Number 9781534421691
Qualifying information hardcover
020 ## - INTERNATIONAL STANDARD BOOK NUMBER
International Standard Book Number 1534421696
040 ## - CATALOGING SOURCE
Original cataloging agency DLC
Language of cataloging eng
Description conventions rda
Transcribing agency DLC
Modifying agency GCmBT
042 ## - AUTHENTICATION CODE
Authentication code pcc
-- lcac
092 ## - LOCALLY ASSIGNED DEWEY CALL NUMBER (OCLC)
Classification number E Robinson
100 1# - MAIN ENTRY--PERSONAL NAME
Personal name Robinson, Christian,
Relator term author,
-- illustrator.
Relator code aut.
9 (RLIN) 5882800
245 10 - TITLE STATEMENT
Title You matter /
Statement of responsibility, etc Christian Robinson.
Medium [jef]
250 ## - EDITION STATEMENT
Edition statement First edition.
264 #1 - Production, Publication, Distribution, Manufacture, and Copyright Notice.
Place of production, publication, distribution, manufacture New York :
Name of producer, publisher, distributor, manufacturer Atheneum Books for Young Readers,
Date of production, publication, distribution, manufacture, or copyr [2020]
300 ## - PHYSICAL DESCRIPTION
Extent 1 volume (unpaged) :
Other physical details color illustrations ;
Dimensions 29 cm.
336 ## - Content Type
Content type term text
336 ## - Content Type
Content type term still image
337 ## - Media type
Media type term unmediated
338 ## - Carrier type
Carrier type term volume
520 ## - SUMMARY, ETC.
Summary, etc Illustrations and easy-to-read text remind the reader that no matter what happens or how one feels, he or she matters.
521 1# - TARGET AUDIENCE NOTE
Target audience note Ages 4-8.
Source Atheneum Books for Young Readers.
521 2# - TARGET AUDIENCE NOTE
Target audience note Grades K-1.
Source Atheneum Books for Young Readers.
650 #1 - SUBJECT ADDED ENTRY--TOPICAL TERM
Topical term or geographic name as entry element Self-esteem
Form subdivision Fiction.
9 (RLIN) 5686823
650 #1 - SUBJECT ADDED ENTRY--TOPICAL TERM
Topical term or geographic name as entry element Self-acceptance
Form subdivision Fiction.
9 (RLIN) 5674498
776 08 - ADDITIONAL PHYSICAL FORM ENTRY
Display text Online version:
Main entry heading Robinson, Christian.
Title You matter
Edition First edition.
Place, publisher, and date of publication New York : Atheneum Books for Young Readers, [2020]
International Standard Book Number 9781534421707
Record control number (DLC) 2019043813.
907 ## - LOCAL DATA ELEMENT G, LDG (RLIN)
a .b421919577
942 ## - ADDED ENTRY ELEMENTS (KOHA)
Source of classification or shelving scheme Dewey Decimal Classification
Koha item type BOOK
Holdings
Withdrawn status Lost status Source of classification or shelving scheme Damaged status Not for loan Collection code Home library Current library Shelving location Date acquired Source of acquisition Total Checkouts Total Renewals Full call number Barcode Date last seen Date checked out Cost, replacement price Price effective from Koha item type
    Dewey Decimal Classification     Children Picture Books Wasatch County Library Wasatch County Library Main Floor Childrens Area 01/19/2021 Baker & Taylor 26 18 E Robinson 34301001703497 02/19/2026 01/20/2026 17.99 01/19/2021 BOOK
This project was made possible through a grant from the Institute of Museum and Library Service administered by the Utah State Library Division.

Wasatch County Library

  • 465 East 1200 South, Heber City, Utah 84032
  • Phone 435-654-1511 | Fax 435-654-6456

Hours

  • Monday - Friday 9:30 AM - 8:00 PM
  • Saturday 9:30 AM - 1:30 PM
  • Closed Sundays and Holidays